Chumba la cachumba

Saved in:
Bibliografiske detaljer
Main Authors: Iribarren, Elena (Author), Cotte, Carlos (Author)
Format: Bog
Sprog:spansk
Udgivet: Caracas Ediciones Ekaré 2012
Udgivelse:15a. ed
Fag:
Tags: Tilføj Tag
Ingen Tags, Vær først til at tagge denne postø!

MARC

LEADER 00000cam a2200000 a 4500
001 UCE9601
003 CL-VaPUC
008 151029e20120000ve |||||||||||||||||spa|d
020 |a 9789802571147 
082 0 4 |a 782.42  |b IRI  |2 21 
100 0 |a Iribarren, Elena  |e author  |9 582490 
700 0 |a Cotte, Carlos  |e author  |9 582491 
245 1 0 |a Chumba la cachumba 
250 |a 15a. ed 
300 |a 27 p 
942 |c BK 
945 |d 20151029 22:28:00  |a dcastane 
260 |a Caracas  |b Ediciones Ekaré  |c 2012 
650 7 |a RONDAS INFANTILES  |2 CL-VaPUC  |9 582492 
650 0 |a Canciones infantiles  |9 307627 
583 |a last modification  |c 20151029 22:28:00  |k Rodrigo Vera 
999 |c 361264  |d 361262 
952 |0 0  |1 0  |3 erb  |4 0  |6 782_420000000000000_IRI_2012  |7 0  |8 A  |9 471679  |a BIBEDU  |b BIBEDU  |i 5245419  |o 782.42 IRI 2012  |p 5245419  |r 2019-11-24  |w 2019-11-24  |y BK  |z Catalogado en:20151029  |k EPE